1486 1774 1728 1810 1935 1488 1182 1518 1128 1137 1916 1654 1029 1550 1359 1887 1372 1389 1485 1818 1256 1585 1713 1387 1515 1131 1912 1432 1407 1266 1965 1612 1813 1437 1200 1718 1560 1895 1405 1112 1807 1350 1030 1658 1765 1204 1077 1066 1817 1188 1760 1474 1209 1592 1651 1535 1950 1175 1669 1417 1759 1163 1436 1727 1735 1270 1823 1814 1112 1647 1110 1221 1067 1039 1230 1169 1077 1826 1563 1767 1468 1791 1782 1322 1009 1658 1150 1179 1276 1954 1676 1495 1455 1267 1874 1314 1071 1631 1709 BCNSPRNW ULIB Ver.6.0+V

เปลี่ยนเป็นภาษาไทย

Change to English
 แสดงรายละเอียดบรรณานุกรม
  กลับหน้าหลัก

Brief Record : Get Marc (ISO 2709) : E-mail record : QR code < ปิดหน้าต่าง
LEADER : 00000nam 2200000uu 4500
001    13399114840
003     ULIB
008    110627s2555||||th 000 0 tha d
090    นว.^bว918G
100 0  เวสต์ แคลร์
245 00 ล่าขุมทรัพย์เกาะมหาสมบัติ/^cเวสต์ แคลร์
250    พิมพ์ครั้งที่ 1
260    กรุงเทพฯ :^bซีเอ็ดยูเคชั่น,^c2555-
300     หน้า
945    ^p0^l0^i028108
995    ทศพร
999 ^a ใช้งานได้ทุกระบบ
รายการนี้ยังไม่มีแท็ก
คุณยังไม่ได้ล็อกอิน คุณสามารถมีกิจกรรมร่วมกับเว็บไซต์ได้ แต่ต้องล็อกอินก่อน ::
  ล็อกอิน

รายการสื่อสารสนเทศ

ลำดับที่ ประเภท เลขเรียก/บาร์โค้ด สถานที่ สถานะ
1. นวนิยาย
นวนิยาย
นว. ว918G ฉ.1 
  Barcode: 028108
ห้องสมุดวิทยาเขตสวรรค์ประชารักษ์
►นวนิยาย
บนชั้น
  ขอยืม

รายการใกล้เคียง
    ผู้แต่ง [เวสต์ แคลร์]

BibComment


ยังไม่เคยถูกคอมเมนท์

คอมเมนท์ทรัพยากรรายการนี้
  คอมเมนท์: ล่าขุมทรัพย์เกาะม..


 Copyright 2026. Bcnsprnw @Library